000
00289 a2200133 4500
001
75869
040
_c
Anchieta - Colégio São Paulo
100
_a
Edelbra
240
1
0
_a
Pequeno polegar
_l
por
245
1
0
_a
Pequeno polegar
300
_a
[16]
650
4
_a
Literatura infantil
942
_c
BK
999
_c
75869
_d
75869